[Event "CAN-ch U20 2001"]
[Site "Montreal CAN"]
[Date "2001.01.03"]
[Round "1"]
[White "Mogilevsky, Olga"]
[Black "Tessier, Olivier"]
[Result "1/2-1/2"]
[WhiteElo "1768"]
[BlackElo "2117"]
[PlyCount "32"]
[GameId "2160767911618932"]
[EventDate "2001.01.03"]
[EventType "swiss"]
[EventRounds "9"]
[EventCountry "CAN"]

1. e4 Nf6 2. Nc3 d5 3. exd5 Nxd5 4. d4 Nxc3 5. bxc3 g6 6. Nf3 Bg7 7. Bc4 c5 8. Be3 Nc6 9. Qd2 Bg4 10. Ng5 e6 11. h3 cxd4 12. cxd4 Bf5 13. g4 h6 14. gxf5 hxg5 15. fxe6 fxe6 16. c3 Qf6 1/2-1/2

[Event "CAN-ch U20 2001"]
[Site "Montreal CAN"]
[Date "2001.01.03"]
[Round "1"]
[White "Moskvitch, Andrei"]
[Black "Davies, Lucas"]
[Result "1-0"]
[WhiteElo "2201"]
[BlackElo "1936"]
[PlyCount "45"]
[GameId "2160767911618933"]
[EventDate "2001.01.03"]
[EventType "swiss"]
[EventRounds "9"]
[EventCountry "CAN"]

1. e4 e5 2. Nf3 Nc6 3. Bb5 a6 4. Ba4 Nf6 5. Qe2 b5 6. Bb3 Be7 7. O-O O-O 8. c3 d6 9. h3 Re8 10. a4 Bd7 11. Ng5 Rf8 12. f4 exf4 13. d4 h6 14. Nxf7 Rxf7 15. axb5 axb5 16. Rxa8 Qxa8 17. Bxf4 Na5 18. Bxf7+ Kxf7 19. e5 dxe5 20. dxe5 Ne4 21. Bg5+ Kg8 22. Bxe7 Ng3 23. Qf3 1-0

[Event "CAN-ch U20 2001"]
[Site "Montreal CAN"]
[Date "2001.01.03"]
[Round "1"]
[White "Ramaswamy, Kiran"]
[Black "Henson, Joshua"]
[Result "1-0"]
[WhiteElo "1862"]
[BlackElo "2136"]
[PlyCount "84"]
[GameId "2160767911618934"]
[EventDate "2001.01.03"]
[EventType "swiss"]
[EventRounds "9"]
[EventCountry "CAN"]

1. c4 e5 2. g3 Nf6 3. Bg2 c6 4. d4 exd4 5. Qxd4 d5 6. cxd5 cxd5 7. Bg5 Be7 8. Nc3 Nc6 9. Qa4 O-O 10. Nf3 Be6 11. O-O Qb6 12. Qb5 Qxb5 13. Nxb5 Rac8 14. Nbd4 h6 15. Bf4 Ne4 16. Nxe6 fxe6 17. Ne5 Nxe5 18. Bxe4 Nc4 19. Bg2 Bf6 20. Rab1 Bxb2 21. Rfd1 b6 22. e4 d4 23. Be5 Rfd8 24. Bf1 Bc3 25. Bxc4 Rxc4 26. Rbc1 b5 27. Rd3 b4 28. Kg2 a5 29. Rb1 Rd7 30. f4 a4 31. Kf3 Rb7 32. Rbd1 b3 33. axb3 axb3 34. Rb1 Ra4 35. Ke2 Ra2+ 36. Kd1 Rxh2 37. Rxc3 dxc3 38. Bxc3 Rd7+ 39. Kc1 Rh1+ 40. Kb2 Rxb1+ 41. Kxb1 Rd3 42. Kb2 Rxg3 1-0

[Event "CAN-ch U20 2001"]
[Site "Montreal CAN"]
[Date "2001.01.03"]
[Round "1"]
[White "Ramaswamy, Kishor"]
[Black "Raheb, David"]
[Result "0-1"]
[WhiteElo "1900"]
[BlackElo "2170"]
[PlyCount "82"]
[GameId "2160767911618935"]
[EventDate "2001.01.03"]
[EventType "swiss"]
[EventRounds "9"]
[EventCountry "CAN"]

1. d4 Nf6 2. Nf3 e6 3. Bg5 Be7 4. Nbd2 d5 5. e3 O-O 6. Bd3 b6 7. c3 c5 8. Ne5 Bb7 9. f4 Nbd7 10. Qf3 Nxe5 11. dxe5 Nd7 12. Qh3 g6 13. Nf3 d4 14. Bxe7 Qxe7 15. Ng5 h5 16. cxd4 cxd4 17. O-O Nxe5 18. exd4 Nxd3 19. Qxd3 Rad8 20. Rfe1 Qf6 21. Rad1 Qxf4 22. h4 Qxh4 23. Nf3 Bxf3 24. gxf3 Rd5 25. Re2 Rfd8 26. Red2 Rg5+ 27. Kf1 Qh3+ 28. Ke2 Rf5 29. Rf1 Qh4 30. Kd1 Rfd5 31. f4 Qg4+ 32. Kc1 Qf5 33. Qxf5 Rxf5 34. Kc2 Kg7 35. Kd3 e5 36. Ke3 exd4+ 37. Rxd4 Rxd4 38. Kxd4 g5 39. Ke4 Rxf4+ 40. Rxf4 gxf4 41. Kxf4 Kf6 0-1

[Event "CAN-ch U20 2001"]
[Site "Montreal CAN"]
[Date "2001.01.03"]
[Round "1"]
[White "Rolfe, Warrick"]
[Black "Charbonneau, Anne-Marie"]
[Result "1/2-1/2"]
[WhiteElo "2159"]
[BlackElo "1837"]
[PlyCount "63"]
[GameId "2160767911618936"]
[EventDate "2001.01.03"]
[EventType "swiss"]
[EventRounds "9"]
[EventCountry "CAN"]

1. e4 c5 2. Nf3 d6 3. g3 g6 4. Bg2 Bg7 5. O-O Nc6 6. d3 e6 7. c3 Nge7 8. a3 O-O 9. Re1 Rb8 10. b4 e5 11. b5 Na5 12. Ra2 f6 13. d4 cxd4 14. cxd4 d5 15. exd5 e4 16. Rxe4 Bf5 17. Rxe7 Qxe7 18. Bd2 Nc4 19. Bb4 Nd6 20. Re2 Qd7 21. Nc3 Rfe8 22. Nh4 Rxe2 23. Qxe2 Re8 24. Qd1 Bf8 25. Nxf5 Qxf5 26. f3 Qd7 27. Qd3 f5 28. f4 Qc7 29. Bf1 Qg7 30. Bg2 Qc7 31. Bf1 Qg7 32. Bg2 1/2-1/2

[Event "CAN-ch U20 2001"]
[Site "Montreal CAN"]
[Date "2001.01.03"]
[Round "1"]
[White "Sadoway, Steven"]
[Black "Godin, Robert"]
[Result "1-0"]
[WhiteElo "2019"]
[BlackElo "1361"]
[PlyCount "59"]
[GameId "2160767911618937"]
[EventDate "2001.01.03"]
[EventType "swiss"]
[EventRounds "9"]
[EventCountry "CAN"]

1. e4 e5 2. Nf3 Nc6 3. Bb5 Bc5 4. O-O Nf6 5. d3 d6 6. c3 a6 7. Bxc6+ bxc6 8. h3 d5 9. exd5 cxd5 10. Nxe5 O-O 11. d4 Bd6 12. Bf4 Bb7 13. Nd2 Nh5 14. Qxh5 f6 15. Nd3 Bxf4 16. Nxf4 Qd6 17. Nd3 Rae8 18. Rae1 Rxe1 19. Rxe1 a5 20. Nc5 Ba6 21. Re6 Qf4 22. Qxd5 Kh8 23. Rxa6 Qxd2 24. Qf3 Re8 25. Ra8 Qe1+ 26. Kh2 h6 27. Qc6 Rxa8 28. Qxa8+ Kh7 29. Qe4+ Qxe4 30. Nxe4 1-0

[Event "CAN-ch U20 2001"]
[Site "Montreal CAN"]
[Date "2001.01.03"]
[Round "1"]
[White "Stevens, Christian"]
[Black "Hebert Losier, Francis"]
[Result "1-0"]
[WhiteElo "2063"]
[BlackElo "1526"]
[PlyCount "97"]
[GameId "2160767911618938"]
[EventDate "2001.01.03"]
[EventType "swiss"]
[EventRounds "9"]
[EventCountry "CAN"]

1. Nf3 Nc6 2. d4 d5 3. Bf4 Bg4 4. e3 e6 5. Be2 Bxf3 6. Bxf3 Nf6 7. O-O Bd6 8. Bg5 h6 9. Bh4 g5 10. Bg3 Qe7 11. c4 Bxg3 12. hxg3 O-O-O 13. cxd5 exd5 14. g4 Ne4 15. Nd2 Nxd2 16. Qxd2 Qb4 17. Qd3 Ne7 18. Rfc1 Qd6 19. g3 Qg6 20. Qxg6 Nxg6 21. Rc5 Ne7 22. Rac1 c6 23. b4 a6 24. a4 Rd6 25. b5 axb5 26. axb5 Kd7 27. bxc6+ bxc6 28. Ra1 Rc8 29. Ra6 f6 30. Kg2 Ke6 31. Ra1 Rb8 32. Ra7 Rd7 33. Rca5 Rxa7 34. Rxa7 Rd8 35. Be2 Rc8 36. Bd3 Rh8 37. Be2 Rc8 38. Ra6 Rb8 39. Bd1 Rc8 40. Ba4 Kd6 41. Bc2 Ke6 42. Ra7 Rd8 43. Rb7 Ra8 44. Kf3 Rd8 45. Ke2 Ra8 46. Kd2 Kd6 47. Bf5 Ra2+ 48. Ke1 Ra8 49. Rd7# 1-0

[Event "CAN-ch U20 2001"]
[Site "Montreal CAN"]
[Date "2001.01.03"]
[Round "1"]
[White "Wang, Hao Yuan"]
[Black "Wilson, Jonathan"]
[Result "1-0"]
[WhiteElo "2129"]
[BlackElo "1842"]
[PlyCount "70"]
[GameId "2160767911618939"]
[EventDate "2001.01.03"]
[EventType "swiss"]
[EventRounds "9"]
[EventCountry "CAN"]

1. e4 d6 2. d4 Nf6 3. Nc3 g6 4. f4 Bg7 5. Nf3 O-O 6. Bd3 Na6 7. O-O c5 8. d5 Rb8 9. a4 Nc7 10. Re1 e6 11. dxe6 Bxe6 12. e5 Nfd5 13. Ne4 dxe5 14. fxe5 b6 15. Bg5 Qd7 16. h3 f6 17. exf6 Nxf6 18. Bxf6 Bxf6 19. Nxf6+ Rxf6 20. Be4 Rd8 21. Qxd7 Rxd7 22. Rad1 Rxd1 23. Rxd1 Bf5 24. Rd8+ Kg7 25. Ng5 Bxe4 26. Nxe4 Rf7 27. Nd6 Re7 28. Nc8 Ne6 29. Rd6 Rc7 30. Rxe6 Rxc8 31. Re7+ Kh6 32. Rxa7 g5 33. Ra6 Kh5 34. Rxb6 Kh4 35. Kh2 h5 1-0

[Event "CAN-ch U20 2001"]
[Site "Montreal CAN"]
[Date "2001.01.03"]
[Round "1"]
[White "Xia, Yanchong"]
[Black "Mitrovic, Bojana"]
[Result "0-1"]
[WhiteElo "1811"]
[BlackElo "2118"]
[PlyCount "64"]
[GameId "2160767911618940"]
[EventDate "2001.01.03"]
[EventType "swiss"]
[EventRounds "9"]
[EventCountry "CAN"]

1. e4 g6 2. d4 Bg7 3. c4 c5 4. Nf3 d6 5. Nc3 Bg4 6. d5 Nf6 7. Be3 O-O 8. h3 Bxf3 9. gxf3 a6 10. Qd2 Qc7 11. Bh6 e6 12. Bxg7 Kxg7 13. O-O-O exd5 14. Nxd5 Nxd5 15. Qxd5 Nc6 16. Qd2 Nd4 17. Bg2 b5 18. Kb1 bxc4 19. Qc3 Rab8 20. Qxc4 Qb6 21. Qc3 Kg8 22. Rhe1 Nb5 23. Qd2 Na3+ 24. Ka1 Nc4 25. Qc2 Ne5 26. f4 Nc6 27. e5 Nb4 28. Qc3 dxe5 29. fxe5 c4 30. Re2 Nd3 31. Qxc4 Nxb2 32. Rxb2 Qxb2# 0-1

[Event "CAN-ch U20 2001"]
[Site "Montreal CAN"]
[Date "2001.01.03"]
[Round "1"]
[White "Xu, Sheng Jun"]
[Black "Davies, Noam"]
[Result "1-0"]
[WhiteElo "2085"]
[BlackElo "1537"]
[PlyCount "93"]
[GameId "2160767911618941"]
[EventDate "2001.01.03"]
[EventType "swiss"]
[EventRounds "9"]
[EventCountry "CAN"]

1. e4 c5 2. Nf3 e6 3. d3 Nc6 4. Nbd2 g6 5. g3 Bg7 6. Bg2 Nge7 7. O-O O-O 8. Re1 a6 9. e5 b5 10. Nb3 Qc7 11. Nxc5 Rb8 12. d4 Nf5 13. Ne4 Bb7 14. Bf4 Na5 15. c3 Nc4 16. Qc1 Bxe4 17. Rxe4 Qb7 18. Nd2 Nxd2 19. Qxd2 b4 20. c4 Rfc8 21. b3 a5 22. Bg5 Qa7 23. g4 d5 24. cxd5 exd5 25. Rf4 Ne7 26. Bxe7 Qxe7 27. Bxd5 Qg5 28. Qe3 Bh6 29. Rxf7 Qxe3 30. Rf3+ Kh8 31. fxe3 Rc3 32. Re1 Rc2 33. e6 Rxa2 34. e7 a4 35. Bc6 axb3 36. e8=Q+ Rxe8 37. Bxe8 b2 38. Rff1 Ra3 39. Kf2 Bg5 40. Kf3 Ra8 41. Bb5 Ra3 42. Ke4 Ra5 43. Bd3 Ra8 44. Bb1 Re8+ 45. Kf3 b3 46. Re2 Kg7 47. h4 1-0

[Event "CAN-ch U20 2001"]
[Site "Montreal CAN"]
[Date "2001.01.03"]
[Round "2"]
[White "Beaudry, Lukas"]
[Black "Wang, Hao Yuan"]
[Result "0-1"]
[WhiteElo "1945"]
[BlackElo "2129"]
[PlyCount "52"]
[GameId "2160767911618942"]
[EventDate "2001.01.03"]
[EventType "swiss"]
[EventRounds "9"]
[EventCountry "CAN"]

1. e4 c5 2. Nf3 d6 3. d4 cxd4 4. Nxd4 Nf6 5. Nc3 a6 6. Bc4 e6 7. Bb3 Nbd7 8. O-O Nc5 9. Re1 Be7 10. f4 Qc7 11. e5 dxe5 12. fxe5 Nfd7 13. Nf3 b5 14. Kh1 Bb7 15. Bf4 h5 16. Qe2 h4 17. h3 O-O-O 18. Nd1 Ne4 19. Nf2 Ndc5 20. c4 Nxf2+ 21. Qxf2 Nd3 22. Qe3 Bc5 23. Qe2 Nxf4 24. Qf1 b4 25. Bc2 Nh5 26. Kh2 Ng3 0-1

[Event "CAN-ch U20 2001"]
[Site "Montreal CAN"]
[Date "2001.01.03"]
[Round "2"]
[White "Charbonneau, Anne-Marie"]
[Black "Mogilevsky, Olga"]
[Result "0-1"]
[WhiteElo "1837"]
[BlackElo "1768"]
[PlyCount "80"]
[GameId "2160767911618943"]
[EventDate "2001.01.03"]
[EventType "swiss"]
[EventRounds "9"]
[EventCountry "CAN"]

1. d4 Nf6 2. c4 e6 3. Nc3 Bb4 4. Qc2 O-O 5. a3 Bxc3+ 6. Qxc3 b6 7. f3 d6 8. Nh3 Bb7 9. Nf2 Nbd7 10. b4 e5 11. d5 c6 12. e4 cxd5 13. exd5 Rc8 14. Qb3 Qe8 15. Bd3 e4 16. Nxe4 Nxe4 17. fxe4 f5 18. O-O fxe4 19. Rxf8+ Kxf8 20. Be2 Ne5 21. Bf4 Kg8 22. Rf1 Qe7 23. Qg3 Rf8 24. h4 Ba6 25. b5 Bc8 26. Re1 Bf5 27. Bd1 Nxc4 28. Bc2 Qf6 29. Bxe4 Qd4+ 30. Be3 Qxe4 31. Bg5 Qxd5 32. Re7 Qd4+ 33. Kh2 Bg6 34. h5 Bxh5 35. Bh6 Bf7 36. Re4 Qf6 37. Bg5 Qg6 38. Rg4 Ne5 39. Rh4 h6 40. Qh3 Qxg5 0-1

[Event "CAN-ch U20 2001"]
[Site "Montreal CAN"]
[Date "2001.01.03"]
[Round "2"]
[White "Davies, Noam"]
[Black "Egorov, Mikhail"]
[Result "0-1"]
[WhiteElo "1537"]
[BlackElo "1996"]
[PlyCount "62"]
[GameId "2160767911618944"]
[EventDate "2001.01.03"]
[EventType "swiss"]
[EventRounds "9"]
[EventCountry "CAN"]

1. e4 c5 2. Nc3 Nc6 3. g3 g6 4. Bg2 Bg7 5. f4 d6 6. Nf3 e6 7. d3 Nge7 8. O-O Rb8 9. Be3 b5 10. Rb1 Qb6 11. g4 f5 12. h3 d5 13. exd5 exd5 14. Ne2 d4 15. Bf2 fxg4 16. hxg4 Bxg4 17. Nh2 Be6 18. Bg3 Nf5 19. Nf3 O-O 20. Bf2 Bd5 21. Rc1 Rbe8 22. Qd2 Ne3 23. Rfe1 Qb7 24. Ng3 Nxg2 25. Kxg2 Bxf3+ 26. Kg1 Qd7 27. Rxe8 Rxe8 28. Re1 Rxe1+ 29. Qxe1 h5 30. Kh2 h4 31. Nh1 Qg4 0-1

[Event "CAN-ch U20 2001"]
[Site "Montreal CAN"]
[Date "2001.01.03"]
[Round "2"]
[White "Deveau, Justin"]
[Black "Davies, Lucas"]
[Result "1-0"]
[WhiteElo "1534"]
[BlackElo "1936"]
[PlyCount "75"]
[GameId "2160767911618945"]
[EventDate "2001.01.03"]
[EventType "swiss"]
[EventRounds "9"]
[EventCountry "CAN"]

1. e4 e5 2. Nf3 Nc6 3. Bc4 Bc5 4. c3 Nf6 5. d3 d6 6. Nbd2 h6 7. h3 O-O 8. Nf1 Be6 9. Bb3 Qe7 10. Ng3 Rad8 11. O-O Rfe8 12. Qe2 d5 13. Nh4 Qd7 14. Nhf5 Ne7 15. Nxe7+ Rxe7 16. Rd1 Qc6 17. d4 exd4 18. cxd4 Bb6 19. e5 Nd7 20. f4 Nf8 21. f5 Bd7 22. Qg4 Kh8 23. Bf4 Rde8 24. Rac1 Qb5 25. Qh4 Nh7 26. Bc2 Qxb2 27. f6 Re6 28. Bf5 Bxd4+ 29. Kh1 Bxe5 30. Bxe6 Bxf6 31. Bxd7 Bxh4 32. Bxe8 Qxa2 33. Bxc7 Ng5 34. Nf5 Bf2 35. Be5 f6 36. Bg6 Nf7 37. Rc8+ Nd8 38. Rxd8# 1-0

[Event "CAN-ch U20 2001"]
[Site "Montreal CAN"]
[Date "2001.01.03"]
[Round "2"]
[White "Godin, Robert"]
[Black "Ramaswamy, Kiran"]
[Result "0-1"]
[WhiteElo "1361"]
[BlackElo "1862"]
[PlyCount "122"]
[GameId "2160767911618946"]
[EventDate "2001.01.03"]
[EventType "swiss"]
[EventRounds "9"]
[EventCountry "CAN"]

1. e4 c5 2. Nf3 Nc6 3. Nc3 g6 4. Bc4 Bg7 5. O-O Nf6 6. d4 cxd4 7. Nxd4 O-O 8. Be3 d6 9. f4 Ng4 10. Nxc6 bxc6 11. Qf3 Nxe3 12. Qxe3 c5 13. Rad1 Bg4 14. Rd2 Bd4 15. Rxd4 cxd4 16. Qxd4 Qb6 17. Qxb6 axb6 18. Nd5 Ra7 19. h3 Be6 20. f5 gxf5 21. exf5 Bxd5 22. Bxd5 Ra5 23. Bc4 Rc8 24. Bb3 Rcc5 25. g4 Re5 26. Kf2 h5 27. Rd1 hxg4 28. hxg4 Re4 29. Kf3 Rae5 30. Rd3 Re1 31. Kf2 Kg7 32. g5 Rb1 33. f6+ exf6 34. gxf6+ Kg6 35. Rxd6 Rf5+ 36. Ke2 Rxf6 37. Rd7 Rbf1 38. Rb7 Kg5 39. Bd5 R1f2+ 40. Kd3 Rd6 41. c4 Rxb2 42. Rxf7 Rxa2 43. Kc3 Ra5 44. Kb4 Ra1 45. Be4 Re1 46. Rf5+ Kg4 47. Bc2 Rd2 48. Rb5 Rxc2 49. Rxb6 Rb1+ 50. Kc5 Rxb6 51. Kxb6 Rxc4 52. Kb5 Rc1 53. Kb4 Kf4 54. Kb3 Ke3 55. Kb4 Kd3 56. Kb5 Kd4 57. Kb6 Kd5 58. Kb7 Kd6 59. Kb8 Rc7 60. Ka8 Rh7 61. Kb8 Kc6 0-1

[Event "CAN-ch U20 2001"]
[Site "Montreal CAN"]
[Date "2001.01.03"]
[Round "2"]
[White "Haynes, Nicolas"]
[Black "Ng, Gary"]
[Result "1-0"]
[WhiteElo "1999"]
[BlackElo "1703"]
[PlyCount "103"]
[GameId "2160767911618947"]
[EventDate "2001.01.03"]
[EventType "swiss"]
[EventRounds "9"]
[EventCountry "CAN"]

1. d4 d5 2. c4 c6 3. Nc3 Nf6 4. Nf3 dxc4 5. a4 Bf5 6. e3 Na6 7. Bxc4 Nb4 8. Ne5 e6 9. Nd3 Qa5 10. Nxb4 Bxb4 11. Bd2 Ne4 12. Nxe4 Bxe4 13. f3 Bg6 14. Qe2 b5 15. Bb3 a6 16. Ra2 Kd7 17. e4 Rhd8 18. axb5 Bxd2+ 19. Qxd2 Qxd2+ 20. Kxd2 axb5 21. Rha1 Rxa2 22. Rxa2 Kc7 23. Kc3 Kb6 24. Bc2 h5 25. h4 Kb7 26. g4 f6 27. Ra1 hxg4 28. fxg4 e5 29. dxe5 fxe5 30. h5 b4+ 31. Kb3 Bh7 32. Rf1 Rd7 33. Kxb4 Rd4+ 34. Kc3 Bg8 35. Bd3 Kc7 36. g5 c5 37. h6 gxh6 38. gxh6 Rd6 39. Rg1 Rxh6 40. Rxg8 Rh1 41. Rg6 Kd7 42. Bb5+ Ke7 43. Rc6 Re1 44. Bd3 Rc1+ 45. Bc2 Kd7 46. Rxc5 Kd6 47. Rd5+ Ke6 48. b4 Rh1 49. b5 Rh8 50. Kb4 Ra8 51. Bb3 Kf6 52. b6 1-0

[Event "CAN-ch U20 2001"]
[Site "Montreal CAN"]
[Date "2001.01.03"]
[Round "2"]
[White "Hebert Losier, Francis"]
[Black "Ramaswamy, Kishor"]
[Result "0-1"]
[WhiteElo "1526"]
[BlackElo "1900"]
[PlyCount "82"]
[GameId "2160767911618948"]
[EventDate "2001.01.03"]
[EventType "swiss"]
[EventRounds "9"]
[EventCountry "CAN"]

1. e4 c6 2. d4 d5 3. e5 Bf5 4. Nf3 e6 5. Bd3 Bxd3 6. Qxd3 Qa5+ 7. Bd2 Qa6 8. Qxa6 Nxa6 9. a3 c5 10. c3 Ne7 11. Be3 Nf5 12. Nbd2 Be7 13. g4 cxd4 14. Bxd4 Nxd4 15. cxd4 Rc8 16. O-O Rc2 17. Rab1 O-O 18. Rfc1 Rfc8 19. Rxc2 Rxc2 20. Kf1 Nb8 21. Ke1 Bd8 22. Kd1 Rc8 23. Rc1 Rxc1+ 24. Kxc1 Nc6 25. Kc2 f6 26. Nb3 fxe5 27. Nxe5 Nxe5 28. dxe5 Bb6 29. f3 Be3 30. h3 b6 31. Kd3 Bf4 32. Kd4 Kf7 33. a4 Kg6 34. h4 h5 35. a5 Bg3 36. axb6 axb6 37. Nc1 hxg4 38. fxg4 Bxh4 39. Nd3 Kg5 40. Ke3 Kxg4 41. Nf4 Bg5 0-1

[Event "CAN-ch U20 2001"]
[Site "Montreal CAN"]
[Date "2001.01.03"]
[Round "2"]
[White "Henson, Joshua"]
[Black "Sadoway, Steven"]
[Result "1-0"]
[WhiteElo "2136"]
[BlackElo "2019"]
[PlyCount "97"]
[GameId "2160767911618949"]
[EventDate "2001.01.03"]
[EventType "swiss"]
[EventRounds "9"]
[EventCountry "CAN"]

1. e4 c6 2. d4 d5 3. e5 Bf5 4. Nc3 Qb6 5. g4 Bd7 6. Bg2 e6 7. Nce2 Na6 8. c3 c5 9. a3 cxd4 10. cxd4 Ne7 11. f4 Nc6 12. b4 Nc7 13. Nf3 a5 14. bxa5 Nxa5 15. O-O Nc4 16. a4 Bb4 17. Ng3 Nb5 18. f5 Nxd4 19. Nxd4 Bc3 20. Nge2 Bxa1 21. fxe6 Bxe6 22. Bf4 Bxd4+ 23. Nxd4 Nb2 24. Qd2 Rxa4 25. Be3 Nc4 26. Qc2 Rb4 27. Bf2 Qd8 28. Nxe6 fxe6 29. Bc5 Rb5 30. Bd4 Ra5 31. Bc3 Ra6 32. Qf2 Qe7 33. Qe2 Qc5+ 34. Kh1 Qe3 35. Qc2 Qc5 36. Be1 Qe7 37. Qb3 Rc6 38. Bb4 Qd7 39. Qd3 Nxe5 40. Qxh7 Kd8 41. Qxh8+ Kc7 42. Qh5 g5 43. Qxg5 Nf7 44. Qf4+ Nd6 45. g5 Rc4 46. Bxd6+ Qxd6 47. Qf7+ Kb8 48. g6 Rc7 49. g7 1-0

[Event "CAN-ch U20 2001"]
[Site "Montreal CAN"]
[Date "2001.01.03"]
[Round "2"]
[White "Hua, Lefong"]
[Black "Gottlieb, Jonathan"]
[Result "1/2-1/2"]
[WhiteElo "2400"]
[BlackElo "2118"]
[PlyCount "78"]
[GameId "2160767911618950"]
[EventDate "2001.01.03"]
[EventType "swiss"]
[EventRounds "9"]
[EventCountry "CAN"]

1. c4 e6 2. Nc3 d5 3. d4 c5 4. e3 Nf6 5. Nf3 Nc6 6. a3 dxc4 7. Bxc4 cxd4 8. exd4 a6 9. O-O Be7 10. Re1 O-O 11. Bb3 b5 12. Bg5 Bb7 13. Rc1 b4 14. axb4 Nxb4 15. Ne5 Rc8 16. Qe2 Qa5 17. Bh4 Nbd5 18. Bxf6 gxf6 19. Bxd5 exd5 20. Ng4 Bd8 21. Nh6+ Kh8 22. Qh5 Qb6 23. Nxf7+ Kg7 24. Nh6 f5 25. Nxf5+ Kh8 26. Ne7 Qf6 27. Nxc8 Qxf2+ 28. Kh1 Bxc8 29. Qxd5 Bc7 30. Qe4 Bf5 31. Qe2 Qh4 32. g3 Bxg3 33. Rf1 Bxh2 34. Qxh2 Be4+ 35. Nxe4 Qxe4+ 36. Qg2 Qh4+ 37. Qh2 Qe4+ 38. Qg2 Qh4+ 39. Qh2 Qe4+ 1/2-1/2

[Event "CAN-ch U20 2001"]
[Site "Montreal CAN"]
[Date "2001.01.03"]
[Round "2"]
[White "Johnson, Kyle"]
[Black "Bachand-Fleurent, Julien"]
[Result "0-1"]
[WhiteElo "1791"]
[BlackElo "2009"]
[PlyCount "96"]
[GameId "2160767911618951"]
[EventDate "2001.01.03"]
[EventType "swiss"]
[EventRounds "9"]
[EventCountry "CAN"]

1. d4 d5 2. Nf3 c6 3. Bf4 Bf5 4. h3 Nf6 5. e3 e6 6. Nbd2 Qb6 7. Qc1 Nbd7 8. Be2 Rc8 9. c3 c5 10. O-O h6 11. a4 a5 12. Bb5 c4 13. Ne5 Bd6 14. Ndf3 Rc7 15. Nxd7 Nxd7 16. Bxd6 Qxd6 17. Ne5 f6 18. Nxd7 Rxd7 19. Bxd7+ Kxd7 20. f4 Be4 21. Ra3 g5 22. Qe1 Rg8 23. Qg3 Rg6 24. Rf2 h5 25. Qh2 g4 26. hxg4 hxg4 27. Qg3 Qf8 28. Rf1 Rh6 29. Kf2 Qh8 30. Raa1 f5 31. Rg1 Rh2 32. Rae1 Bc2 33. Ra1 Be4 34. Ke2 Bf3+ 35. Kd2 Qh3 36. Qxh3 gxh3 37. Rh1 Rxg2+ 38. Ke1 Re2+ 39. Kf1 Rxb2 40. Rxh3 Bg2+ 41. Ke1 Bxh3 42. Rc1 Rh2 43. Rd1 Rh1+ 44. Kd2 Rxd1+ 45. Kxd1 Ke7 46. Ke2 Bg4+ 47. Kd2 Bh5 48. Kc2 Be8 0-1

[Event "CAN-ch U20 2001"]
[Site "Montreal CAN"]
[Date "2001.01.03"]
[Round "2"]
[White "Kapadia, Ronak"]
[Black "Moskvitch, Andrei"]
[Result "1-0"]
[WhiteElo "2073"]
[BlackElo "2201"]
[PlyCount "67"]
[GameId "2160767911618952"]
[EventDate "2001.01.03"]
[EventType "swiss"]
[EventRounds "9"]
[EventCountry "CAN"]

1. e4 c5 2. Nf3 d6 3. d4 cxd4 4. Nxd4 Nf6 5. Nc3 e6 6. Bg5 Be7 7. Qd2 a6 8. O-O-O O-O 9. f4 Nbd7 10. Be2 Qa5 11. Kb1 h6 12. Bh4 Qc7 13. Bf2 b5 14. Bf3 Bb7 15. a3 Nb6 16. e5 Nfd5 17. Nxd5 Bxd5 18. Qa5 Rfc8 19. Bxd5 Nxd5 20. Qxc7 Rxc7 21. exd6 Bxd6 22. f5 Re7 23. fxe6 fxe6 24. Nxe6 Rxe6 25. Rxd5 Re2 26. Rxd6 Rxf2 27. g4 Rc8 28. c3 a5 29. Ra6 b4 30. axb4 axb4 31. cxb4 Rcc2 32. Ra2 Rg2 33. b5 Rxg4 34. Kxc2 1-0

[Event "CAN-ch U20 2001"]
[Site "Montreal CAN"]
[Date "2001.01.03"]
[Round "2"]
[White "Masse, Hugues"]
[Black "Bluvshtein, Mark"]
[Result "1/2-1/2"]
[WhiteElo "2085"]
[BlackElo "2268"]
[PlyCount "126"]
[GameId "2160767911618954"]
[EventDate "2001.01.03"]
[EventType "swiss"]
[EventRounds "9"]
[EventCountry "CAN"]

1. e4 e6 2. d3 c5 3. Nf3 Nc6 4. g3 g6 5. Bg2 Bg7 6. O-O Nge7 7. Nbd2 d5 8. Re1 b6 9. a3 Bb7 10. Rb1 dxe4 11. dxe4 O-O 12. c3 Qc7 13. Qc2 Rfd8 14. Nc4 Ba6 15. Bf1 Rac8 16. Ne3 Bxf1 17. Nxf1 Qd7 18. Be3 Nd4 19. Qd1 Nxf3+ 20. Qxf3 Nc6 21. Red1 Ne5 22. Qe2 Qa4 23. f4 Qc4 24. Qxc4 Nxc4 25. Rxd8+ Rxd8 26. Kf2 e5 27. Ke2 exf4 28. Bxf4 Kf8 29. Nd2 Nxd2 30. Bxd2 c4 31. Rf1 Ke7 32. Rf3 Ke6 33. g4 Rh8 34. g5 h5 35. gxh6 Bxh6 36. Rh3 Bg7 37. Rxh8 Bxh8 38. Kf3 b5 39. h3 a5 40. Bc1 Bg7 41. Ke2 Bf8 42. Bd2 Bd6 43. Kf3 Be5 44. Bc1 Kd7 45. Bf4 Bf6 46. Ke3 Kc6 47. e5 Bh4 48. Ke4 Bf2 49. Bg5 Be1 50. Kd4 Bg3 51. Bc1 Be1 52. Bg5 Bf2+ 53. Ke4 Bg3 54. Kd4 Bh2 55. Bc1 Bg1+ 56. Ke4 Bc5 57. Bd2 Be7 58. Bf4 Bc5 59. Bd2 Bf8 60. Bg5 Bc5 61. Bd2 Be7 62. Bf4 Kc5 63. Be3+ Kc6 1/2-1/2

[Event "CAN-ch U20 2001"]
[Site "Montreal CAN"]
[Date "2001.01.03"]
[Round "2"]
[White "Mitrovic, Bojana"]
[Black "Candow, John"]
[Result "1-0"]
[WhiteElo "2118"]
[BlackElo "1422"]
[PlyCount "30"]
[GameId "2160767911618955"]
[EventDate "2001.01.03"]
[EventType "swiss"]
[EventRounds "9"]
[EventCountry "CAN"]

1. Nf3 e6 2. g3 b6 3. Bg2 Bb7 4. O-O f5 5. d4 Nf6 6. c4 Be7 7. Nc3 O-O 8. d5 Bb4 9. Nd4 Bxc3 10. bxc3 c5 11. Nb5 exd5 12. Nd6 Ba6 13. Bxd5+ Nxd5 14. Qxd5+ Kh8 15. Qxa8 Qc7 1-0

[Event "CAN-ch U20 2001"]
[Site "Montreal CAN"]
[Date "2001.01.03"]
[Round "2"]
[White "Predescu, Sebastian"]
[Black "Xia, Yanchong"]
[Result "1/2-1/2"]
[WhiteElo "2042"]
[BlackElo "1811"]
[PlyCount "130"]
[GameId "2160767911618956"]
[EventDate "2001.01.03"]
[EventType "swiss"]
[EventRounds "9"]
[EventCountry "CAN"]

1. e4 c5 2. Nf3 e6 3. d4 cxd4 4. Nxd4 Nf6 5. Nc3 Nc6 6. Bg5 Qc7 7. Ndb5 Qb8 8. Qd2 a6 9. Nd4 Be7 10. O-O-O d6 11. Bc4 Bd7 12. Bb3 b5 13. f3 b4 14. Nce2 a5 15. Ba4 Nxd4 16. Bxd7+ Nxd7 17. Nxd4 Bxg5 18. Qxg5 O-O 19. h4 Nc5 20. h5 h6 21. Qd2 Rc8 22. Kb1 a4 23. g4 b3 24. cxb3 axb3 25. a3 Na4 26. Rc1 Qb6 27. Rxc8+ Rxc8 28. Rc1 Rxc1+ 29. Kxc1 Qc5+ 30. Kb1 Qc4 31. Qd1 Nc5 32. Ne2 Nd3 33. Nc3 Kh7 34. Qg1 Nf4 35. Qd1 d5 36. exd5 exd5 37. Qd2 d4 38. Ne4 Qf1+ 39. Qc1 Qd3+ 40. Ka1 Qxf3 41. Qb1 d3 42. Nd2 Qd5 43. Qd1 Ng2 44. Qxb3 Qxb3 45. Nxb3 Ne3 46. Kb1 Nxg4 47. Nc5 Ne5 48. b4 g5 49. hxg6+ Kxg6 50. b5 Nc4 51. a4 d2 52. Kc2 Kf5 53. a5 Nxa5 54. Kxd2 h5 55. Ke2 Kg4 56. Kf2 Kf5 57. Kg3 Ke5 58. b6 Kd6 59. b7 Nc6 60. Na6 Ke5 61. b8=Q+ Nxb8 62. Nxb8 f5 63. Nd7+ Ke6 64. Nc5+ Kd5 65. Nd3 Kd4 1/2-1/2